| 000 | 01171nam a22002537a 4500 | ||
|---|---|---|---|
| 005 | 20210325174908.0 | ||
| 008 | th tha d | ||
| 041 | _atha | ||
| 050 | _aGR312 จ337ค | ||
| 100 | 0 | _aจารุวรรณ ธรรมวัตร | |
| 245 | 1 | 0 | _aคติชาวบ้านอีสาน |
| 260 | 3 |
_aกรุงเทพฯ : _bอักษรวัฒนา, _cม.ป.ป. |
|
| 300 |
_a144 หน้า : _b ภาพประกอบ ; _c 26 ซม. |
||
| 650 | 0 | 4 | _aไทย (ภาคตะวันออกเฉียงเหนือ) -- ความเป็นอยู่และประเพณี |
| 650 | 0 | 4 | _aการละเล่น |
| 650 | 0 | 4 | _aคติชาวบ้าน -- ไทย (ภาคตะวันออกเฉียงเหนือ) |
| 650 | 0 | 4 | _aนิทานพื้นเมือง -- ไทย (ภาคตะวันออกเฉียงเหนือ) |
| 650 | 0 | 4 | _aภาษาถิ่นอีสาน |
| 650 | 0 | 4 | _aเพลงพื้นเมือง |
| 850 | _aNALT | ||
| 942 | _cGB | ||
| 997 | _c000000000005246 | ||
| 998 | _aNarumon Suwan | ||
| 999 |
_c5246 _d5246 |
||